Portfolio investment market (Record no. 115412)
[ view plain ]
| 000 -LEADER | |
|---|---|
| fixed length control field | 01038cam a22002175a 4500 |
| 001 - CONTROL NUMBER | |
| control field | L158608 |
| 008 - FIXED-LENGTH DATA ELEMENTS--GENERAL INFORMATION | |
| fixed length control field | 150513s2015 xxk f 000 0 eng d |
| 035 ## - SYSTEM CONTROL NUMBER | |
| System control number | (Sirsi) u158608 |
| 041 0# - LANGUAGE CODE | |
| Language code of text/sound track or separate title | eng |
| 110 2# - MAIN ENTRY--CORPORATE NAME | |
| Corporate name or jurisdiction name as entry element | Deloitte |
| 9 (RLIN) | 5633 |
| 245 00 - TITLE STATEMENT | |
| Title | Portfolio investment market |
| Medium | [electronic resource] |
| 260 ## - PUBLICATION, DISTRIBUTION, ETC. | |
| Date of publication, distribution, etc. | 2015 |
| 490 #0 - SERIES STATEMENT | |
| Series statement | UK commercial property Market snapshot |
| Volume/sequential designation | Spring 2015 |
| 520 ## - SUMMARY, ETC. | |
| Summary, etc. | A market snapshot of the UK property portfolio investment market reveals that 2014 was a record year with demand at its highest level in eight years. Includes a sector by sector breakdown office, commercial and retail as well as mixed with examples of recent transactions in each sector. Forecasts how the market will perform in 2015-2016. |
| 590 ## - LOCAL NOTE (RLIN) | |
| Local note | KA |
| 651 #4 - SUBJECT ADDED ENTRY--GEOGRAPHIC NAME | |
| Geographic name | United Kingdom |
| Chronological subdivision | |
| 690 ## - LOCAL SUBJECT ADDED ENTRY--TOPICAL TERM (OCLC, RLIN) | |
| Topical term or geographic name as entry element | Investments |
| 9 (RLIN) | 6250 |
| 690 ## - LOCAL SUBJECT ADDED ENTRY--TOPICAL TERM (OCLC, RLIN) | |
| Topical term or geographic name as entry element | Commercial property |
| 9 (RLIN) | 6227 |
| 856 40 - ELECTRONIC LOCATION AND ACCESS | |
| Uniform Resource Identifier | <a href="https://www2.deloitte.com/uk/en/pages/real-estate/articles/portfolio-investment-market.html">https://www2.deloitte.com/uk/en/pages/real-estate/articles/portfolio-investment-market.html</a> |
| Public note | View the item free of charge from the www2.deloitte.com |
| 942 ## - ADDED ENTRY ELEMENTS (KOHA) | |
| Suppress in OPAC | 0 |
| Withdrawn status | Lost status | Source of classification or shelving scheme | Damaged status | Not for loan | Home library | Current library | Shelving location | Date acquired | Total Checkouts | Full call number | Barcode | Date last seen | Copy number | Price effective from | Koha item type |
|---|---|---|---|---|---|---|---|---|---|---|---|---|---|---|---|
| Dewey Decimal Classification | Virtual | Virtual | Online | 13/05/2015 | ONLINE PUBLICATION | 158608-2001 | 06/08/2019 | 1 | 06/08/2019 | Book |